Europejskie miasta w różnych językach europejskich - Statystyki

Ogólne statystyki
  • Ten quiz został rozwiązany 514 razy
  • Średni wynik to 18 z 50
Statystyki odpowiedzi
Hint Odpowiedź % Poprawnych
Warszawa Warsaw
95%
Londyn London
87%
Londyn London
87%
Paryż Paris
87%
Paryż Paris
87%
Paryż Paris
87%
Rzym Rom
87%
Moskwa Moscow
76%
Rzym Rome
71%
Rzym Rome
71%
Rzym Roma
69%
Wiedeń Wien
65%
Wiedeń Wien
65%
Monachium München
61%
Monachium München
61%
Wiedeń Vienna
53%
Wiedeń Vienna
53%
Bruksela Brüssel
51%
Warszawa Warschau
50%
Wenecja Venice
46%
Monachium Munich
45%
Monachium Munich
45%
Kopenhaga Kopenhagen
43%
Moskwa Moskau
37%
Kopenhaga Copenhagen
35%
Kopenhaga Copenhagen
35%
Bruksela Brussels
33%
Wenecja Venezia
30%
Warszawa Varsovie
21%
Wiedeń Vienne
14%
Bruksela Bruxelles
12%
Bruksela Bruxelles
12%
Moskwa Mosca
11%
Londyn Londres
9%
Warszawa Varsavia
8%
Moskwa Moscou
7%
Wenecja Venedig
7%
Kopenhaga Copenhague
5%
Londyn Londra
4%
Paryż Parigi
4%
Warszawa Varsova
4%
Monachium Monaco
3%
Wenecja Venise
3%
Londyn Lontoo
2%
Moskwa Moskova
2%
Rzym Rooma
2%
Bruksela Bryssel
1%
Kopenhaga Kööpenhamina
1%
Paryż Pariisi
1%
Wenecja Venetsia
1%
Nie znaleziono quizów pasujących do podanych kryteriów
Rozkład punktacji
Procent ludzi z każdym wynikiem
Percentyl według liczby udzielonych odpowiedzi
Twoja historia wyników
Nie rozwiązałeś tego quizu